000 00758cam a2200229 i 4500
001 123039
005 20230404125641.0
008 160826s2009 mx r 000 s spa d
020 _a9781921438530
020 _a1921438533
041 0 _aspa
050 1 4 _aCD F
100 1 _aCastro, Fidel.
245 1 3 _aLa muerte del Che Guevara /
_cFidel Castro.
260 _aMéxico, D.F. :
_bOcean Sur,
_c2009
300 _a23 p. ;
_c22 cm.
440 0 _aColección Fidel Castro.
500 _aTwo eulogies for Che Guevara given by Fidel Castro, one given at the Plaza de la Revolución, Havana, on October 18th, 1967 and the other given on October 17, 1997 in Santa Clara, Cuba.
600 1 4 _aGuevara, Ernesto,
_d1928-1967.
942 _2lcc
_ccd
946 _aJaaM
999 _c1870
_d1870